ბათუმის შოთა რუსთაველის სახელმწიფო უნივერსიტეტის ბიბლიოთეკა

Справочник по математике для научных работников и инженеров=Mathematicial Handbook:определения, теории, формулы. (ბიბ.ჩანაწერი № 37284)

000 -LEADER
fixed length control field 00862nam a2200217Ia 4500
001 - CONTROL NUMBER
control field 3243
003 - CONTROL NUMBER IDENTIFIER
control field GE_BSU
008 - FIXED-LENGTH DATA ELEMENTS--GENERAL INFORMATION
fixed length control field 181216s||||||||xx |||||||||||||| ||und||
040 ## - CATALOGING SOURCE
Transcribing agency GE_BSU
080 ## - UNIVERSAL DECIMAL CLASSIFICATION NUMBER
Universal Decimal Classification number 51(035)
100 ## - MAIN ENTRY--PERSONAL NAME
Personal name Корн, Г.
245 ## - TITLE STATEMENT
Title Справочник по математике для научных работников и инженеров=Mathematicial Handbook:определения, теории, формулы.
245 ## - TITLE STATEMENT
Statement of responsibility, etc. Под. общей ред. И.Г.Арамановича.
250 ## - EDITION STATEMENT
Edition statement перевод со второго американского перер. изд. Изд. 4-е.
260 ## - PUBLICATION, DISTRIBUTION, ETC.
Place of publication, distribution, etc. М.
260 ## - PUBLICATION, DISTRIBUTION, ETC.
Name of publisher, distributor, etc. Наука.
260 ## - PUBLICATION, DISTRIBUTION, ETC.
Date of publication, distribution, etc. 1977.
300 ## - PHYSICAL DESCRIPTION
Extent 831 с. 22 см.
653 ## - INDEX TERM--UNCONTROLLED
Uncontrolled term Справочник по математике для научных работников и инженеров.
942 ## - ADDED ENTRY ELEMENTS (KOHA)
Koha item type წიგნი
ეგზემპლარები
Withdrawn status Lost status Damaged status Not for loan Date acquired Barcode Date last seen Price effective from Koha item type Public note
        2018-12-17 9813 2018-12-17 2018-12-17 წიგნი დარბაზი